| 000 | 01132pam a2200337 i 4500 | ||
|---|---|---|---|
| 001 | 016019711 | ||
| 003 | EG-ScBUE | ||
| 005 | 20250219094847.0 | ||
| 008 | 120126t2013 njua f d 001 0 eng d | ||
| 020 | _a9780470496619 (pbk.) | ||
| 020 | _a0470496614 (pbk.) | ||
| 040 |
_aEG-ScBUE _beng _erda _cEG-ScBUE _dEG-ScBUE |
||
| 082 | 0 | 4 |
_a526.9 _222 _bMCC |
| 100 | 1 |
_aMcCormac, Jack C., _eauthor. _912678 |
|
| 245 | 1 | 0 |
_aSurveying / _cJack C. McCormac, Clemson University, Wayne Sarasua, Clemson University, William J. Davis, the Citadel. |
| 250 | _aSixth edition. | ||
| 264 | 1 |
_aHoboken, NJ : _bJohn Wiley & Sons, Inc., _c[2013] |
|
| 264 | 4 | _cc2013 | |
| 300 |
_axi, 379 pages : _billustrations ; _c28 cm |
||
| 336 |
_2rdacontent _atext _btxt |
||
| 337 |
_aunmediated _2rdamedia _bn |
||
| 338 |
_avolume _bnc _2rdacarrier |
||
| 500 | _aIncludes index. | ||
| 500 | _aIncludes Appendices. | ||
| 500 | _aIncludes glossary. | ||
| 650 | 7 |
_aSurveying. _91035 _2BUEsh |
|
| 655 | _vReading book | ||
| 700 | 1 |
_aSarasua, Wayne, _d1961- _934895 _eauthor. |
|
| 700 | 1 |
_aDavis, William J., _d1959- _934896 _eauthor. |
|
| 942 |
_2ddc _cBB |
||
| 999 |
_c17943 _d17915 |
||